| 000 | 01824nam a2200397 a 4500 | ||
|---|---|---|---|
| 005 | 20160414020002.0 | ||
| 008 | 150316s2014 ck o gr 000 0 spa d | ||
| 020 | _a9789584651433 | ||
| 040 |
_aCO-BoBLA _cCO-BoBLA _dCO-BoIAVH |
||
| 041 | 0 | _aspa | |
| 043 | _as-ck--- | ||
| 082 | 0 | 4 |
_a599.8 _bP53p |
| 100 | 1 | _aPlese, Tinka. | |
| 245 | 1 | 4 |
_aLos perezosos no son osos / _cTinka Plese ; fotografías Andrés Ángel Gómez, Sara Bennett, Adriano Chiarello [y otros]. |
| 260 |
_aSan Jorge (Colombia) : _bFundación AIUNAU : _bCVS. Corporación Autónoma Regional de los Valles del Sinú y del San Jorge, _c2014. |
||
| 300 |
_a55 páginas: _bilustraciones y fotografías a color. _c19 x 23 cm. |
||
| 504 | _aIncluye referencias bibliográficas (Página 53). | ||
| 505 | 0 | _aLos perezosos no son osos. De donde vienen los perezosos. Especies de perezosos. La naturaleza de los perezosos. Conservación de la vida silvestre. Historias de vida. | |
| 650 | 4 |
_aPerezosos _x Hábitos y conducta. |
|
| 650 | 4 |
_aPerezosos _x Historia. |
|
| 650 | 4 |
_aPerezosos _x Anatomía. |
|
| 650 | 4 |
_aPerezosos _x Distribución geográfica. |
|
| 650 | 4 |
_aPerezosos _xConservación |
|
| 650 | 4 |
_aTráfico ilegal de especies _z Colombia. |
|
| 700 | 1 |
_aÁngel Gómez, Andrés _efotógrafo. |
|
| 700 | 1 |
_aBennett, Sara E _efotógrafa. |
|
| 700 | 1 |
_aChiarello, Adriano _dfotógrafo. |
|
| 700 | 1 |
_aFranco, Manuel _efotógrafo. |
|
| 700 | 1 |
_aMartínez, Daniela _efotógrafa. |
|
| 700 | 1 |
_aMoraes, Nadia _efotógrafa. |
|
| 700 | 1 |
_aPools, Monique _efotógrafa. |
|
| 700 | 1 |
_aRojano, César _efotógrafo. |
|
| 700 | 1 |
_aSalceda, Ana _efotógrafa. |
|
| 700 | 1 |
_aVillegas, Sebastián _efotógrafo. |
|
| 942 |
_2ddc _cLIBRO _01 |
||
| 999 |
_c17739 _d17739 |
||